000
00285nam a2200109Ia 4500
008
200302s9999 xx 000 0 und d
100
_a
Pierre Von Meiss
245
_a
Elements of Architecture From to Place
260
_b
Routledge Taylor & Francis Group
260
_c
2011
300
_a
211
999
_c
3573
_d
3573